书目信息 |
| 题名: |
赠言拾珠
|
|
| 作者: | 傅明伟 主编 | |
| 分册: | ||
| 出版信息: | 上海 上海交通大学出版社 1998.09 |
|
| 页数: | 256页 | |
| 开本: | 32开 | |
| 丛书名: | ||
| 单 册: | ||
| 中图分类: | H136.3 | |
| 科图分类: | ||
| 主题词: | 汉语--语义 , 汉语--语义学 , 汉语--词汇 , 训诂 | |
| 电子资源: | ||
| ISBN: | 7-313-01401-5 | |
| 000 | 00616nam0 2200229 45 | |
| 001 | 0103271412 | |
| 005 | 20010327144008.9 | |
| 010 | @a7-313-01401-5@d16.00元 | |
| 100 | @a20010327d1998 km y0chiy0120 ea | |
| 101 | 0 | @achi |
| 105 | @a z 000yy | |
| 200 | 1 | @a赠言拾珠@AZeng Yan Shi Zhu@f傅明伟主编@FFu Ming Wei Zhu Bian |
| 210 | @a上海@c上海交通大学出版社@d1998.09 | |
| 215 | @a256页@d32开 | |
| 606 | 0 | @a汉语@x语义 |
| 606 | 0 | @a汉语@x语义学 |
| 606 | 0 | @a汉语@x词汇 |
| 606 | 0 | @a训诂 |
| 690 | @aH136.3@v3 | |
| 701 | 0 | @a傅明伟@4主编 |
| 801 | @aCN@bPftUser@c20010327 | |
| 905 | @b333316-318@dH136.3@eF866@f3 | |
| 赠言拾珠/傅明伟主编.-上海:上海交通大学出版社,1998.09 |
| 256页;32开 |
| ISBN 7-313-01401-5:16.00元 |
| ● |
| 相关链接 |
|
|
|
正题名:赠言拾珠
索取号:H136.3/F866
 
预约/预借
| 序号 | 登录号 | 条形码 | 馆藏地/架位号 | 状态 | 备注 |
| 1 | 333316 | 203333160 | 语言库209/209语言库 72排1列2层/ [索取号:H136.3/F866] | 在馆 | |
| 2 | 333317 | 203333179 | 语言库209/209语言库 72排1列2层/ [索取号:H136.3/F866] | 在馆 | |
| 3 | 333318 | 203333188 | 语言库209/ [索取号:H136.3/F866] | 在馆 |